01074nam a2200265 a 4500003000900000005001700009008004100026020001800067040001300085100002300098245005400121260012500175300003200300490003300332500010300365500009100468500006600559504003100625650002400656650002800680650001900708650002600727650003100753653002400784AR-BaBNM20251128205438.0082120s2002 ||||||||||||||000 | spa|| a84-8198-059-5 cAR-BaBNM1 aCaduto, Michael J.00aGuía para la enseñanza de valores ambientales aBilbaobLos Libros de la CataratabUnescobDepartamento de Urbanismo, Vivienda y Medio Ambiente del Gobierno Vascoc1993 axii, 106 p.bdiagr., tablas 0aEducación ambientalvv. 13 aEsta edición cuenta con el aval del Programa Internacional de Educación Ambiental Unesco-PNUMA aUNESCO: ORGANIZACION DE LAS NACIONES UNIDAS PARA LA EDUCACION, LA CIENCIA Y LA CULTURA aPNUMA: PROGRAMA DE LAS NACIONES UNIDAS PARA EL MEDIO AMBIENTE aBibliografía: p. 105-106 4aEDUCACION AMBIENTAL 4aTECNICAS DE ENSEÑANZA 4aMEDIO AMBIENTE 4aFORMACION DE DOCENTES 4aACTIVIDADES DE APRENDIZAJE aTEMAS TRANSVERSALES